000 00724nam a2200181 4500
999 _c56842
_d56842
005 20201224130538.0
008 190510c2019 ru ||||| |||| 00| 0 rus d
022 _a0131-0769
041 _arus
245 _aГосударство и право :
_b2019 /
_cГл.ред. Клеандров М.И.
260 _aМосква :
_bРосииская академия наук,
_c2019ю
300 _a177 стр.
_b30 см.
653 _aსახელმწიფო და მისი უფლებები
653 _aГосударство и право
653 _aპერიოდიკა
700 _aКлеандров, М.И.
_eმთავარი რედაქტორი
_91034
942 _2udc
_cCR